Normal view
MARC view
- Heart of Darkness
Entry Topical Term
001 - CONTROL NUMBER
- control field: 5386
003 - CONTROL NUMBER IDENTIFIER
- control field: JO-AjAnu
005 - DATE AND TIME OF LATEST TRANSACTION
- control field: 20230606071156.0
008 - FIXED-LENGTH DATA ELEMENTS
- fixed length control field: 230606|| aca||aabn | a|a d
040 ## - CATALOGING SOURCE
- Original cataloging agency: JO-AjAnu
- Transcribing agency: JO-AjAnu
150 ## - HEADING--TOPICAL TERM
- Topical term or geographic name entry element: Heart of Darkness
670 ## - SOURCE DATA FOUND
- Source citation: Work cat.: (JO-AjAnu)2779: Preparation Abu-Erwaq,Waaed Abdullah؛ Supervisor Mahmoud AL-Sobh, Co Supervisor Raed Qassas, author 5385, Heart of Darkness as a Historical Document on Colonization and Racism